000 00602nam a2200181 i 4500
001 59345
003 ES-MaACL
005 20240502063039.0
007 t|
008 031028s1949 ag ||||1| spa d
100 1 _aEliot, T. S.,
_d1888-1965
_946996
245 1 0 _aNotas para la definición de la cultura /
_cT.S. Eliot ; [traducción de Jerónimo Alberto Arancibia].
260 _aBuenos Aires :
_bEmecé,
_c[1949] (
_fImpresora Argentina)
300 _a201 p. ;
_c19 cm.
700 1 _aArancibia, Jerónimo Alberto.
_922272
852 _aES-MaACL
_jD-5808
_bR.30262
999 _c59345
_d59345